000
00293nam a2200145Ia 4500
100
_a
Alexeyev/V
650
_a
Chemistry
942
_c
BK
654
_a
Analysis
245
_a
Quantitative Analysis
260
_b
Mir Publishers
_c
2001
082
_a
545
300
_a
519
546
_a
ENGLISH
999
_c
18931
_d
18931